[Event "Moscow-Open 2021_A"]
[Site "Moscow"]
[Date "2021.02.26"]
[Round "7.35"]
[White "Yakimenko, Alexander A"]
[Black "Kalambetov, Anton"]
[Result "0-1"]
[WhiteElo "2122"]
[BlackElo "1916"]
[PlyCount "136"]
[EventDate "2021.02.20"]

1. e4 e6 2. d4 d5 3. Nc3 Nf6 4. Bg5 Bb4 5. Nge2 dxe4 6. a3 Be7 7. Bxf6 Bxf6 8.
Nxe4 O-O 9. Qd2 Nd7 10. g3 Be7 11. Bg2 Nf6 12. N2c3 c6 13. O-O Qb6 14. Rfd1 Rd8
15. Nxf6+ Bxf6 16. Ne4 Be7 17. Qc3 Qc7 18. b4 Bd7 19. a4 a5 20. b5 Rac8 21. Qb3
cxb5 22. axb5 b6 23. Rac1 Qc4 24. Qxc4 Rxc4 25. Bf1 Rb4 26. c4 Be8 27. f3 f5
28. Nf2 Bf6 29. c5 Bxb5 30. Bxb5 Rxb5 31. c6 Rbd5 32. c7 Rc8 33. Rc6 Bxd4 34.
Kf1 Kf7 35. Nd3 g5 36. f4 g4 37. Re1 Rd7 38. Rec1 Ke7 39. Ke2 Rd6 40. R6c2 Kd7
41. Ne5+ Bxe5 42. fxe5 Rd5 43. Ke3 Rxe5+ 44. Kf4 Rc5 45. Rxc5 bxc5 46. Rxc5
Rxc7 47. Rxa5 Ke7 48. Ke5 Rd7 49. Rb5 h5 50. Ra5 Kf7 51. Rc5 Rd2 52. Rc7+ Kg6
53. Kxe6 Re2+ 54. Kd5 Rxh2 55. Rc6+ Kg5 56. Rc8 h4 57. Rg8+ Kf6 58. Rf8+ Kg6
59. gxh4 Re2 60. Kd4 Re7 61. Kd3 g3 62. Ra8 Kh5 63. Rf8 Kxh4 64. Rxf5 g2 65.
Rf8 g1=Q 66. Rh8+ Kg3 67. Rg8+ Kf2 68. Rf8+ Ke1 0-1

[Event "Moscow-Open 2021_A"]
[Site "Moscow"]
[Date "2021.02.26"]
[Round "7.36"]
[White "Galkin, Leonid"]
[Black "Indzhiev, Aldar"]
[Result "1-0"]
[WhiteElo "1914"]
[BlackElo "2109"]
[PlyCount "71"]
[EventDate "2021.02.20"]

1. e4 c5 2. Nc3 Nc6 3. Bb5 g6 4. Bxc6 dxc6 5. d3 Bg7 6. Be3 b6 7. Qd2 e5 8. f4
Nf6 9. fxe5 Ng4 10. Bf4 Nxe5 11. O-O-O h6 12. Nf3 Nxf3 13. gxf3 Be6 14. Kb1 b5
15. Ne2 Qf6 16. c3 O-O 17. Bxh6 Qxf3 18. Bxg7 Kxg7 19. Nf4 Rad8 20. Rhg1 Bc4
21. Rg3 Bxd3+ 22. Nxd3 Qxe4 23. Qe3 Qf5 24. Qf3 Qe6 25. Rdg1 c4 26. Nf4 Qf5+
27. Ka1 Rh8 28. Rg5 Qc2 29. Nh5+ Kf8 30. Rf1 Rd7 31. Nf6 Rd2 32. Rb1 Rhxh2 33.
Re5 Rdf2 34. Re8+ Kg7 35. Rg8+ Kh6 36. Qe3+ 1-0

[Event "Moscow-Open 2021_A"]
[Site "Moscow"]
[Date "2021.02.26"]
[Round "7.37"]
[White "Rakitin, Daniil"]
[Black "Polukhin, Alexander"]
[Result "1-0"]
[WhiteElo "1851"]
[BlackElo "2105"]
[PlyCount "89"]
[EventDate "2021.02.20"]

1. d4 d5 2. c4 c6 3. e3 e6 4. Nc3 f5 5. Bd3 Nf6 6. Nge2 Bd6 7. f3 O-O 8. Qc2
Na6 9. a3 c5 10. cxd5 cxd4 11. Nxd4 Nxd5 12. Nxd5 exd5 13. f4 Bd7 14. b4 Rc8
15. Qb3 Nc7 16. O-O Qe7 17. Bd2 g5 18. Rae1 gxf4 19. exf4 Qf7 20. Re3 h6 21.
Rh3 Kh7 22. Nf3 Ne6 23. Ng5+ Nxg5 24. fxg5 Be5 25. Rxh6+ Kg8 26. g6 Qe6 27. Qd1
Bg7 28. Qh5 Bxh6 29. Qxh6 Qe7 30. Re1 Qg7 31. Qxg7+ Kxg7 32. Re7+ Kxg6 33. Rxd7
b6 34. Kf2 Kf6 35. Rxd5 Ke6 36. Rd4 Ke5 37. Rf4 Rcd8 38. Rf3 Kd4 39. Bxf5 Ke5
40. Bc3+ Kd5 41. h4 Rde8 42. h5 Kc4 43. Bg7 Rg8 44. h6 Kd5 45. Bg6 1-0

[Event "Moscow-Open 2021_A"]
[Site "Moscow"]
[Date "2021.02.26"]
[Round "7.38"]
[White "Teiitbaev, Aktilek"]
[Black "Finkelstein, Alexander"]
[Result "1-0"]
[WhiteElo "2100"]
[BlackElo "1833"]
[PlyCount "111"]
[EventDate "2021.02.20"]

1. d4 d5 2. c4 e6 3. Nc3 Nf6 4. cxd5 exd5 5. Bg5 Nbd7 6. e3 Be7 7. Bd3 O-O 8.
Qc2 b6 9. Nf3 Bb7 10. O-O c5 11. Rad1 c4 12. Bf5 a6 13. a4 Re8 14. Ne5 Nf8 15.
Rfe1 h6 16. Bh4 N6d7 17. Bg3 Bf6 18. f4 Nxe5 19. dxe5 Be7 20. Nxd5 Bxd5 21. e4
Bc5+ 22. Bf2 Bb4 23. Rf1 g6 24. Rxd5 Qc7 25. Bg4 Ne6 26. g3 h5 27. Bh3 Rac8 28.
Rfd1 Qc6 29. Bf1 b5 30. axb5 axb5 31. h4 Bc5 32. f5 Bxf2+ 33. Qxf2 Nc7 34. Rc5
Qxe4 35. Bg2 Qg4 36. Bf3 Qxf5 37. Bb7 Qh3 38. Bxc8 Qxc8 39. Rd6 Re7 40. Qf6 Qh3
41. Qxe7 Qxg3+ 42. Kf1 Qf3+ 43. Ke1 Qe3+ 44. Kd1 Qf3+ 45. Kc1 Qe3+ 46. Rd2 Qe1+
47. Rd1 Qe3+ 48. Kc2 Qe2+ 49. Kc3 b4+ 50. Kxb4 Qxb2+ 51. Ka5 Qa3+ 52. Kb6 Na8+
53. Kb7 Qb4+ 54. Kxa8 Qa4+ 55. Kb7 Qb4+ 56. Kc8 1-0

[Event "Moscow-Open 2021_A"]
[Site "Moscow"]
[Date "2021.02.26"]
[Round "7.39"]
[White "Popov, Maksim"]
[Black "Khripachenko, Alexander"]
[Result "1-0"]
[WhiteElo "2062"]
[BlackElo "1825"]
[PlyCount "73"]
[EventDate "2021.02.20"]

1. e4 c6 2. d4 d5 3. e5 Bf5 4. h4 h5 5. Bd3 Bxd3 6. Qxd3 e6 7. Nf3 Nh6 8. Bxh6
Rxh6 9. Nbd2 Nd7 10. Ng5 Be7 11. f4 g6 12. O-O Qb6 13. c3 Kf8 14. Rab1 Kg7 15.
Qg3 Kf8 16. Kh1 Qa6 17. a3 Nb6 18. Ndf3 Nc4 19. Qh3 Ne3 20. Nxf7 Kxf7 21. Ng5+
Bxg5 22. fxg5+ Nxf1 23. Qf3+ Kg8 24. gxh6 Rf8 25. h7+ Kxh7 26. Qxf8 Ng3+ 27.
Kh2 Qd3 28. Qe7+ Kh8 29. Qf6+ Kh7 30. Qf7+ Kh6 31. Qf6 Kh7 32. Qxe6 Nf5 33.
Qf7+ Kh6 34. Qf6 Qg3+ 35. Kg1 Nxh4 36. Qf2 Qg4 37. Re1 1-0

[Event "Moscow-Open 2021_A"]
[Site "Moscow"]
[Date "2021.02.26"]
[Round "7.40"]
[White "Bratov, Ademir"]
[Black "Zhukov, Ivan"]
[Result "1/2-1/2"]
[WhiteElo "1813"]
[BlackElo "2050"]
[PlyCount "85"]
[EventDate "2021.02.20"]

1. e4 c5 2. f4 Nc6 3. Nf3 d6 4. Bb5 Bd7 5. O-O e6 6. Nc3 Nge7 7. d3 g6 8. Be3
Bg7 9. Qe1 O-O 10. Qf2 b6 11. Rae1 a6 12. Bxc6 Nxc6 13. Qg3 Rc8 14. Bc1 Nd4 15.
Rf2 b5 16. Nd1 Qa5 17. c3 Nxf3+ 18. Rxf3 b4 19. f5 exf5 20. exf5 bxc3 21. f6
cxb2 22. Nxb2 Bh8 23. Nc4 Qxa2 24. Qg5 Rce8 25. Ref1 Re2 26. Nxd6 Be6 27. Ne4
Qc2 28. Kh1 c4 29. Qh6 Rxe4 30. dxe4 Qxe4 31. Rf4 Qe2 32. Rg1 Bd5 33. Qg5 Rd8
34. Qg3 h5 35. Rf2 Qg4 36. Qxg4 hxg4 37. Bb2 Be6 38. Re1 Rd5 39. g3 Rd6 40. Kg1
Rc6 41. Bc3 Kh7 42. Rd1 Bf5 43. Rf4 1/2-1/2

[Event "Moscow-Open 2021_A"]
[Site "Moscow"]
[Date "2021.02.26"]
[Round "7.41"]
[White "Dudarev, Vladislav"]
[Black "Shturman, Arseniy"]
[Result "1-0"]
[WhiteElo "2031"]
[BlackElo "1782"]
[PlyCount "87"]
[EventDate "2021.02.20"]

1. c4 Nf6 2. Nc3 g6 3. e4 d6 4. d4 Bg7 5. Be2 O-O 6. Bg5 Na6 7. Qd2 e5 8. d5
Qe8 9. Bd1 Nc5 10. Bc2 a5 11. f3 Bd7 12. g4 h5 13. gxh5 Nxh5 14. O-O-O f5 15.
exf5 Bxf5 16. Ne4 Bxe4 17. Bxe4 Qa4 18. b3 Qa3+ 19. Kb1 a4 20. b4 Nxe4 21. fxe4
b5 22. c5 dxc5 23. Be7 Bh6 24. Qe1 Nf4 25. Qd2 Nh5 26. Qe1 Nf4 27. Qd2 Rf7 28.
Bxc5 Bf8 29. Qb2 Qxb2+ 30. Kxb2 Bxc5 31. bxc5 a3+ 32. Kb3 Ra4 33. Nf3 Rxe4 34.
Ng5 Re3+ 35. Kb4 Rd7 36. d6 Rd3 37. Rxd3 Nxd3+ 38. Kxb5 cxd6 39. c6 Rd8 40. c7
Rc8 41. Kc6 Nc5 42. Kxd6 Kg7 43. Rc1 Na6 44. Ne6+ 1-0

[Event "Moscow-Open 2021_A"]
[Site "Moscow"]
[Date "2021.02.26"]
[Round "7.42"]
[White "Bogaudinov, Rushan"]
[Black "Efimov, Leonid"]
[Result "1-0"]
[WhiteElo "2016"]
[BlackElo "1764"]
[PlyCount "97"]
[EventDate "2021.02.20"]

1. c4 e6 2. b3 d5 3. Nf3 d4 4. Bb2 c5 5. b4 Nf6 6. d3 Qb6 7. Qb3 Nc6 8. bxc5
Bxc5 9. Qxb6 axb6 10. a3 e5 11. Nbd2 Ke7 12. h3 Be6 13. Ng5 Ra7 14. g3 Rha8 15.
Nxe6 Kxe6 16. Bg2 Bb4 17. Rb1 Bc3 18. Bc1 Nd7 19. Bd5+ Ke7 20. O-O f5 21. f4
exf4 22. Rxf4 Rf8 23. Nf3 Ra5 24. g4 Nf6 25. Rxb6 Nxd5 26. Rxb7+ Ke8 27. cxd5
Rxd5 28. Rxg7 fxg4 29. Re4+ Kd8 30. hxg4 Rd7 31. Bg5+ Kc8 32. Rxd7 Kxd7 33. Rf4
Rg8 34. Rf7+ Kc8 35. Rxh7 Ne5 36. Nxe5 Rxg5 37. Rh5 Rg8 38. Kg2 Kc7 39. Kf3 Kd6
40. Nc4+ Ke6 41. a4 Rf8+ 42. Rf5 Rxf5+ 43. gxf5+ Kxf5 44. a5 Bb4 45. a6 Bc5 46.
Na5 Ke6 47. Nc6 Kd5 48. a7 Bxa7 49. Nxa7 1-0

[Event "Moscow-Open 2021_A"]
[Site "Moscow"]
[Date "2021.02.26"]
[Round "7.43"]
[White "Novozhilov, Semen"]
[Black "Petrovsky, Nikita"]
[Result "1-0"]
[WhiteElo "1788"]
[BlackElo "2006"]
[PlyCount "107"]
[EventDate "2021.02.20"]

1. d4 d5 2. c4 e6 3. Nf3 Nf6 4. g3 dxc4 5. Bg2 a6 6. a4 Nbd7 7. O-O Rb8 8. Ne5
Nxe5 9. dxe5 Qxd1 10. Rxd1 Nd7 11. Bf4 Nc5 12. Nd2 Bd7 13. Rdc1 b5 14. axb5
axb5 15. Ra7 Na4 16. b3 Ba3 17. Rc2 Bc5 18. Rxc7 cxb3 19. R2xc5 Nxc5 20. Rxc5
O-O 21. Nxb3 b4 22. Rc1 Rfc8 23. Nc5 Bc6 24. Na6 Rb6 25. Nxb4 Rxb4 26. Bxc6 Rb6
27. Be4 Rxc1+ 28. Bxc1 Rb5 29. f4 g6 30. Kf2 Kg7 31. Be3 Rb4 32. Bf3 Rc4 33. g4
h6 34. h4 Ra4 35. Bd2 Rc4 36. Ke3 Ra4 37. Bc3 Ra3 38. Kd3 Ra4 39. Bd4 Kh7 40.
h5 gxh5 41. gxh5 Rb4 42. Be4+ Kg7 43. f5 Rb3+ 44. Kd2 Rb5 45. Kc3 Ra5 46. Kb4
Ra2 47. f6+ Kg8 48. Bf3 Rc2 49. Kb3 Rc1 50. Be3 Rb1+ 51. Kc4 Ra1 52. Bxh6 Ra5
53. Bg7 Rxe5 54. h6 1-0

[Event "Moscow-Open 2021_A"]
[Site "Moscow"]
[Date "2021.02.26"]
[Round "7.44"]
[White "Shakhov, Dmitriy"]
[Black "Israfilov, Ali"]
[Result "0-1"]
[WhiteElo "1738"]
[BlackElo "1981"]
[PlyCount "138"]
[EventDate "2021.02.20"]

1. d4 Nf6 2. Nf3 g6 3. c4 Bg7 4. Nc3 O-O 5. e4 d6 6. Be2 Bg4 7. O-O Nfd7 8. Be3
Nc6 9. Rb1 Bxf3 10. Bxf3 e5 11. d5 Nd4 12. b4 c5 13. Nb5 Qf6 14. Bg4 Nb6 15.
bxc5 dxc5 16. Be2 Nc8 17. Qd2 Qe7 18. Rb2 a6 19. Nc3 Nd6 20. f3 f5 21. a4 fxe4
22. Nxe4 Nxe4 23. fxe4 Qh4 24. Qd3 Rxf1+ 25. Bxf1 Rf8 26. Rf2 Rxf2 27. Bxf2 Qg4
28. h3 Qd7 29. Qa3 Bf8 30. Bg3 Bd6 31. Bd3 Qd8 32. Qb2 Qd7 33. Qa2 Kf8 34. Bh4
Ke8 35. a5 Qf7 36. Qa4+ Qd7 37. Qd1 Bc7 38. Be1 Kd8 39. Be2 Bd6 40. Bg4 Qe7 41.
Qd2 Kc7 42. Qh6 Qf7 43. Bh4 Be7 44. Bg3 Bf6 45. h4 Kd6 46. Qd2 Qc7 47. Qc3 Bd8
48. Qb2 Qe7 49. Be1 Qc7 50. h5 gxh5 51. Bxh5 Qg7 52. Qf2 Kc7 53. Bd2 Bg5 54.
Bd1 Bxd2 55. Qxd2 Qg3 56. Be2 Qc3 57. Qd1 Qe3+ 58. Kf1 Qxe4 59. Bd3 Qf4+ 60.
Kg1 e4 61. Qb1 Qe3+ 62. Kh2 exd3 63. Qb6+ Kc8 64. Qxc5+ Kd7 65. Qb4 Qh6+ 66.
Kg1 Qc1+ 67. Kh2 Qf4+ 68. Kh1 d2 69. Qa4+ Kd8 0-1

[Event "Moscow-Open 2021_A"]
[Site "Moscow"]
[Date "2021.02.26"]
[Round "7.45"]
[White "Pestryakov, Nikita"]
[Black "Gukhman, Sergey"]
[Result "1/2-1/2"]
[WhiteElo "1978"]
[BlackElo "1667"]
[PlyCount "105"]
[EventDate "2021.02.20"]

1. e4 c5 2. c3 d5 3. exd5 Qxd5 4. d4 Nf6 5. Nf3 e6 6. Be2 Nc6 7. O-O Be7 8. Be3
Ng4 9. Bf4 O-O 10. h3 Nf6 11. Be3 cxd4 12. Nxd4 e5 13. c4 Qd8 14. Nxc6 bxc6 15.
Qc2 Be6 16. Nc3 Nd7 17. f4 exf4 18. Bxf4 f5 19. Rae1 Bc5+ 20. Kh1 g5 21. Bh2
Rf6 22. Bd3 Qf8 23. Qd2 Qg7 24. Rxe6 Rxe6 25. Bxf5 Re7 26. Ne4 Rf8 27. Nxc5
Nxc5 28. Qd6 Ne4 29. Be6+ Kh8 30. Rxf8+ Qxf8 31. Be5+ Nf6 32. Bd5 Kg7 33. Bxc6
Rf7 34. Qd2 Kg6 35. Qd3+ Kh6 36. Bf3 Qe8 37. Bc3 Qe6 38. Qd4 Nh5 39. h4 Rxf3
40. hxg5+ Kxg5 41. gxf3 Qh3+ 42. Kg1 Qg3+ 43. Kf1 Qxf3+ 44. Ke1 Nf4 45. Qg7+
Kh4 46. Qxh7+ Kg3 47. Qg7+ Kh2 48. Qe5 Kg2 49. Qg7+ Kh2 50. Qh7+ Kg3 51. Qg7+
Kh2 52. Qe5 Kg2 53. Qg7+ 1/2-1/2

[Event "Moscow-Open 2021_A"]
[Site "Moscow"]
[Date "2021.02.26"]
[Round "7.46"]
[White "Kleimenov, Nikolay"]
[Black "Zemlyanskii, Ivan"]
[Result "0-1"]
[WhiteElo "1600"]
[BlackElo "1950"]
[PlyCount "130"]
[EventDate "2021.02.20"]

1. e4 c5 2. Nc3 e6 3. f4 d5 4. Nf3 dxe4 5. Nxe4 Be7 6. d4 cxd4 7. Qxd4 Qxd4 8.
Nxd4 a6 9. g3 Bd7 10. Be3 Nc6 11. Bg2 Rc8 12. O-O-O Nh6 13. Nf2 O-O 14. Nb3 Be8
15. Be4 Nb4 16. a3 Nd5 17. Bd4 Ba4 18. Kb1 Rfd8 19. Rhe1 Bf8 20. Nd3 Nf5 21.
Bxf5 exf5 22. Ne5 f6 23. Nf3 Kf7 24. Rd2 Bc6 25. Nh4 g6 26. Ng2 Nc7 27. Ne3 Nb5
28. Bb6 Rxd2 29. Nxd2 Re8 30. Ndc4 Nd6 31. Nxd6+ Bxd6 32. Rd1 Re6 33. Rd3 Be7
34. Bd4 g5 35. Rd2 Be4 36. Rf2 Kg6 37. g4 Rd6 38. gxf5+ Kh5 39. Bc5 Rd7 40.
Bxe7 Rxe7 41. fxg5 Kxg5 42. Kc1 Re5 43. Nc4 Rd5 44. Ne3 Re5 45. Nc4 Rd5 46. h4+
Kh5 47. Rf4 Bh1 48. Ne3 Rd6 49. c4 Bc6 50. Kc2 Rd8 51. Nd5 Bxd5 52. Rd4 Rc8 53.
Rxd5 Rxc4+ 54. Kd3 Rxh4 55. Rd7 Kg5 56. Rxb7 h5 57. Rb6 Ra4 58. Rc6 h4 59. Ke3
Kxf5 60. Rc5+ Kg4 61. Rc1 h3 62. Rg1+ Kh4 63. Kf3 h2 64. Ra1 Kh3 65. b4 Rxa3+
0-1

[Event "Moscow-Open 2021_A"]
[Site "Moscow"]
[Date "2021.02.26"]
[Round "7.47"]
[White "Voinikonis, Nikita"]
[Black "Rogov, Ivan"]
[Result "1-0"]
[WhiteElo "2208"]
[BlackElo "1633"]
[PlyCount "85"]
[EventDate "2021.02.20"]

1. d4 Nf6 2. c4 g6 3. Nc3 d5 4. cxd5 Nxd5 5. e3 Bg7 6. Bc4 Nb6 7. Bb3 O-O 8.
Nf3 Nc6 9. O-O a5 10. a3 Re8 11. h4 h6 12. d5 Ne5 13. Nxe5 Bxe5 14. f4 Bg7 15.
h5 e6 16. hxg6 fxg6 17. Qd3 Qf6 18. Nb5 Qf7 19. f5 gxf5 20. dxe6 Bxe6 21. Rxf5
Bxb3 22. Rxf7 Bxf7 23. Nd4 Rad8 24. Qc2 Rd6 25. Nf5 Rc6 26. Qd1 Bg6 27. Nxg7
Kxg7 28. Qd4+ Kh7 29. b3 Be4 30. Kh2 Rd6 31. Qc5 Rc6 32. Qh5 Rg8 33. Bb2 Rxg2+
34. Kh3 Rxb2 35. Qf7+ Kh8 36. Qe8+ Kg7 37. Qe5+ Rf6 38. Qxb2 Kf7 39. Qe5 Bf5+
40. Kh2 h5 41. Rf1 Nd7 42. Qxc7 Ke7 43. Qxa5 1-0

[Event "Moscow-Open 2021_A"]
[Site "Moscow"]
[Date "2021.02.26"]
[Round "7.48"]
[White "Boktaev, Adyan"]
[Black "Chuklin, Ivan"]
[Result "0-1"]
[WhiteElo "1808"]
[BlackElo "2181"]
[PlyCount "116"]
[EventDate "2021.02.20"]

1. d4 Nf6 2. c4 g6 3. Nc3 d5 4. cxd5 Nxd5 5. e4 Nxc3 6. bxc3 Bg7 7. Be3 c5 8.
Qd2 Qa5 9. Rc1 O-O 10. Nf3 Nc6 11. d5 Rd8 12. Bd3 e6 13. Bg5 f6 14. Bf4 exd5
15. exd5 c4 16. Bxc4 Be6 17. O-O Bxd5 18. Bxd5+ Qxd5 19. Qc2 Qc4 20. Be3 Rd7
21. Qb3 Qxb3 22. axb3 f5 23. b4 a6 24. Nd2 Rd3 25. Nb1 Rad8 26. h3 R8d7 27. Rc2
Ne7 28. Bc5 Nd5 29. c4 Nf4 30. Be3 Ne6 31. b5 axb5 32. cxb5 Rb3 33. g3 Rxb5 34.
Na3 Rb3 35. Rc8+ Rd8 36. Rxd8+ Nxd8 37. Rd1 Nc6 38. Nc4 b5 39. Rd6 Ne7 40. Nd2
Rb2 41. Rd7 Kf7 42. Bc5 Bf6 43. Nf3 Rc2 44. Bb4 Rc4 45. Bd6 Ke6 46. Bxe7 Bxe7
47. Rd3 Bf6 48. Nd2 Rc3 49. Re3+ Rxe3 50. fxe3 Bc3 51. Nb3 Kd5 52. Kf2 Kc4 53.
Nc1 Bb2 54. Ne2 b4 55. Nf4 Be5 56. Ng2 b3 57. Ne1 b2 58. Nc2 Kb3 0-1

[Event "Moscow-Open 2021_A"]
[Site "Moscow"]
[Date "2021.02.26"]
[Round "7.49"]
[White "Gorovenko, Darya"]
[Black "Amirdzhanyan, Vladimir"]
[Result "1/2-1/2"]
[WhiteElo "2106"]
[BlackElo "1828"]
[PlyCount "111"]
[EventDate "2021.02.20"]

1. d4 Nf6 2. Nf3 e6 3. c4 b6 4. g3 Bb4+ 5. Bd2 c5 6. Bg2 Bb7 7. O-O O-O 8. Bg5
cxd4 9. Qxd4 Nc6 10. Qd3 h6 11. Bf4 d5 12. a3 Be7 13. b4 dxc4 14. Qxc4 Rc8 15.
Qb3 Nd5 16. Rd1 Bf6 17. Ra2 Qe7 18. Rad2 Rfd8 19. Be3 Nxe3 20. Qxe3 Rxd2 21.
Nbxd2 Rd8 22. Rc1 Nd4 23. Ne4 Nxf3+ 24. Bxf3 Bd4 25. Qb3 Kh8 26. h4 f5 27. Nd2
f4 28. Kg2 Bxf2 29. Kxf2 Rxd2 30. gxf4 Rd4 31. Kg3 e5 32. e3 exf4+ 33. exf4 Qd6
34. Qf7 Bxf3 35. Rc8+ Kh7 36. Qf5+ Qg6+ 37. Qxg6+ Kxg6 38. Kxf3 Rd3+ 39. Ke4
Rxa3 40. f5+ Kh7 41. Rc7 Kg8 42. Rc8+ Kf7 43. Rc7+ Kf8 44. Rc8+ Ke7 45. Rc7+
Kf6 46. Rc6+ Kf7 47. Rc7+ Kg8 48. Rc8+ Kh7 49. Rc7 Ra1 50. f6 Kg6 51. fxg7 Kh7
52. b5 Ra5 53. Kf5 Rxb5+ 54. Kf6 Rb1 55. g8=Q+ Kxg8 56. Rc8+ 1/2-1/2

[Event "Moscow-Open 2021_A"]
[Site "Moscow"]
[Date "2021.02.26"]
[Round "7.50"]
[White "Zhuk, Kirill"]
[Black "Averin, Nikolay"]
[Result "1-0"]
[WhiteElo "2054"]
[BlackElo "1818"]
[PlyCount "63"]
[EventDate "2021.02.20"]

1. e4 c5 2. Nf3 d6 3. d4 cxd4 4. Nxd4 Nf6 5. Nc3 e6 6. g4 h6 7. Be2 a6 8. Be3
b5 9. a3 Bb7 10. f3 Nbd7 11. Qd2 Be7 12. O-O-O Qc7 13. h4 Nf8 14. Kb1 N6d7 15.
g5 hxg5 16. hxg5 Rxh1 17. Rxh1 O-O-O 18. Ndxb5 axb5 19. Nxb5 Qb8 20. Na7+ Qxa7
21. Bxa7 Nc5 22. b4 Na6 23. Qc3+ Nc7 24. Bb6 Rd7 25. Bb5 Bd8 26. Rh8 Re7 27.
Rxf8 d5 28. Bc6 Ba6 29. b5 Bb7 30. Bxb7+ Kxb7 31. Qc6+ Kc8 32. Bxc7 1-0

[Event "Moscow-Open 2021_A"]
[Site "Moscow"]
[Date "2021.02.26"]
[Round "7.51"]
[White "Sabirov, Timur"]
[Black "Ivannikov, Maksim"]
[Result "1/2-1/2"]
[WhiteElo "2048"]
[BlackElo "1763"]
[PlyCount "125"]
[EventDate "2021.02.20"]

1. c4 e5 2. g3 d6 3. Bg2 f5 4. Nc3 Nf6 5. e3 Be7 6. Nge2 O-O 7. O-O c6 8. d4
Na6 9. Rb1 e4 10. f3 d5 11. fxe4 fxe4 12. Nf4 Nc7 13. cxd5 cxd5 14. b4 Ne6 15.
Qb3 Nxf4 16. Rxf4 Kh8 17. Bd2 b6 18. b5 Bb7 19. Ne2 Bd6 20. Rf2 Nh5 21. Rxf8+
Qxf8 22. a4 Qf7 23. a5 bxa5 24. Bxa5 Rf8 25. Rf1 Qd7 26. Rxf8+ Bxf8 27. Nc3 Nf6
28. Bb4 Bxb4 29. Qxb4 h5 30. Qf8+ Kh7 31. Qb8 a6 32. b6 Qc6 33. Qc7 Nd7 34. Bh3
Nxb6 35. Bf5+ Kg8 36. Qd8+ Kf7 37. Bh7 a5 38. Bg8+ Kg6 39. h4 Qf6 40. Qe8+ Kh6
41. Bf7 g6 42. Qf8+ Qg7 43. Qe7 Bc6 44. Qc7 Ba8 45. Qf4+ Kh7 46. Be8 Nc4 47.
Bb5 Nd2 48. Na4 Bb7 49. Nc5 Bc8 50. Bc6 Nf3+ 51. Kf2 g5 52. hxg5 Nxg5 53. Ke1
Nh3 54. Qe5 Qf7 55. Bxd5 Qf2+ 56. Kd1 Bg4+ 57. Kc1 Qe1+ 58. Kb2 Qd2+ 59. Ka3
Qb4+ 60. Ka2 Qd2+ 61. Kb1 Qd1+ 62. Ka2 Qd2+ 63. Ka3 1/2-1/2

[Event "Moscow-Open 2021_A"]
[Site "Moscow"]
[Date "2021.02.26"]
[Round "7.52"]
[White "Talalov, Anton"]
[Black "Oliinyk, Serafim"]
[Result "0-1"]
[WhiteElo "1766"]
[BlackElo "2035"]
[PlyCount "94"]
[EventDate "2021.02.20"]

1. e4 e5 2. Nf3 Nc6 3. Nc3 Nf6 4. Bb5 Bd6 5. O-O O-O 6. h3 Re8 7. Re1 h6 8.
Bxc6 dxc6 9. d4 exd4 10. Qxd4 Bf8 11. Qxd8 Rxd8 12. Bf4 Ne8 13. a3 Nd6 14. Rad1
Re8 15. b3 a6 16. a4 b5 17. e5 Nf5 18. g4 Ne7 19. Ne4 Ng6 20. Bg3 Be6 21. Nd4
Bd5 22. Nc3 bxa4 23. Nxd5 cxd5 24. bxa4 c5 25. Nf5 d4 26. c3 dxc3 27. Rc1 c4
28. Re4 Bb4 29. Rxc4 a5 30. f4 Rac8 31. Rxc8 Rxc8 32. Rc2 Rc4 33. Nd6 Rd4 34.
Kf2 Nxf4 35. Bxf4 Rxf4+ 36. Ke3 Rf1 37. Nb5 Rh1 38. Nxc3 Bxc3 39. Rxc3 Rxh3+
40. Kd4 Rxc3 41. Kxc3 g6 42. Kd4 Kf8 43. Kc5 Ke7 44. Kb5 h5 45. Kxa5 hxg4 46.
Kb6 g3 47. a5 g2 0-1

[Event "Moscow-Open 2021_A"]
[Site "Moscow"]
[Date "2021.02.26"]
[Round "7.53"]
[White "Bardyk, Artem"]
[Black "Neklyudov, Taras"]
[Result "1-0"]
[WhiteElo "1742"]
[BlackElo "1971"]
[PlyCount "103"]
[EventDate "2021.02.20"]

1. e4 Nf6 2. Nc3 Nc6 3. d4 d5 4. e5 Ne4 5. Nxe4 dxe4 6. c3 f6 7. exf6 exf6 8.
d5 Ne7 9. Qa4+ Qd7 10. Bb5 c6 11. dxc6 bxc6 12. Be2 f5 13. Nh3 Nd5 14. O-O Bd6
15. Rd1 O-O 16. Bc4 Qc7 17. Bxd5+ cxd5 18. g3 Bb7 19. Bf4 h6 20. Bxd6 Qxd6 21.
Nf4 g5 22. Ng2 Qe6 23. Rd4 f4 24. Re1 Qf7 25. Qc2 Rae8 26. Qd2 Qg7 27. gxf4
gxf4 28. Kh1 Qf6 29. Rg1 Kh8 30. Rb4 Bc6 31. Qd4 Qxd4 32. Rxd4 Kh7 33. h4 Re5
34. Kh2 Rh5 35. f3 Rg8 36. Rf1 Bb5 37. Rf2 e3 38. Rc2 Rf5 39. Nxf4 Bf1 40. Rc1
e2 41. Re1 Rg7 42. Nxe2 Rxf3 43. Ng3 Bc4 44. b3 Ba6 45. Rg1 Rxc3 46. Nh5 Rc2+
47. Kh1 Rf7 48. Rdg4 Be2 49. Nf6+ Rxf6 50. Rg7+ Kh8 51. Rg8+ Kh7 52. R1g7# 1-0

[Event "Moscow-Open 2021_A"]
[Site "Moscow"]
[Date "2021.02.26"]
[Round "7.54"]
[White "Shaymardanov, Bakhtiyar"]
[Black "Bachaliashvili, Eduard"]
[Result "0-1"]
[WhiteElo "1702"]
[BlackElo "1949"]
[PlyCount "150"]
[EventDate "2021.02.20"]

1. d4 d5 2. c4 e6 3. Nf3 Nf6 4. g3 Be7 5. Bg2 O-O 6. Nc3 dxc4 7. Ne5 c5 8. dxc5
Bxc5 9. Qxd8 Rxd8 10. Nxc4 Nc6 11. O-O Nd5 12. Rd1 Nxc3 13. Rxd8+ Nxd8 14. bxc3
Bd7 15. Rb1 Rc8 16. Ne5 Be8 17. Bxb7 Nxb7 18. Rxb7 f6 19. Nd7 Rd8 20. Rb8 Rxb8
21. Nxb8 Bd6 22. Na6 Bb5 23. Nb4 Bxe2 24. a4 a5 25. Nc6 Bc7 26. c4 Bxc4 27. Bd2
Bb3 28. Bxa5 Bxa5 29. Nxa5 Bxa4 30. f4 Kf7 31. Kf2 h5 32. Nc4 Bb3 33. Nd6+ Ke7
34. Ne4 Bc2 35. Nc3 Kd6 36. Ke3 e5 37. Nb5+ Ke6 38. Nc7+ Kf5 39. fxe5 Kxe5 40.
h4 Kf5 41. Kf3 Be4+ 42. Kf2 Ke5 43. Ke3 Bc6 44. Na6 Kf5 45. Nc5 Kg4 46. Kf2 Bd5
47. Nd3 Bc4 48. Nf4 Bf7 49. Nd3 Bd5 50. Nf4 Be4 51. Ne6 g6 52. Nf4 Bb1 53. Nd5
Kf5 54. Nf4 Be4 55. Ke3 Ba8 56. Kf2 Bc6 57. Ke3 Be8 58. Kf2 Bf7 59. Nd3 Kg4 60.
Nf4 g5 61. hxg5 Kxg5 62. Ng2 f5 63. Ne3 Be8 64. Nc4 Bc6 65. Ne5 Bd5 66. Nd3 Be4
67. Ne5 f4 68. gxf4+ Kxf4 69. Nd7 h4 70. Nf6 Bc6 71. Kg1 Kg3 72. Nh5+ Kg4 73.
Nf6+ Kh3 74. Nh7 Kg3 75. Nf6 Bf3 0-1

[Event "Moscow-Open 2021_A"]
[Site "Moscow"]
[Date "2021.02.26"]
[Round "7.55"]
[White "Agkatsev, Albert A"]
[Black "Rudakov, Sergey S"]
[Result "1-0"]
[WhiteElo "1550"]
[BlackElo "1926"]
[PlyCount "117"]
[EventDate "2021.02.20"]

1. e4 c5 2. Nf3 d6 3. d4 cxd4 4. Nxd4 Nf6 5. Nc3 a6 6. Bc4 e6 7. Bb3 b5 8. f3
Bb7 9. Be3 d5 10. exd5 Nxd5 11. Nxd5 Bxd5 12. Qd2 Be7 13. O-O O-O 14. Rad1 Bxb3
15. axb3 Qc7 16. c3 Bf6 17. Bg5 Be5 18. f4 Bxd4+ 19. Qxd4 Nc6 20. Qc5 Qb7 21.
Rd6 Rac8 22. Rfd1 Rc7 23. Bh4 Ne7 24. Rd8 f6 25. Rxf8+ Kxf8 26. Rd8+ Kf7 27.
Qh5+ Ng6 28. Bf2 Rd7 29. Rxd7+ Qxd7 30. g3 Kg8 31. Qe2 Qc6 32. Qd3 e5 33. Be3
exf4 34. Bxf4 Kf7 35. b4 Qe6 36. Kf2 h5 37. Qe3 Qxe3+ 38. Kxe3 Ke6 39. Kd4 h4
40. b3 f5 41. c4 hxg3 42. hxg3 Kd7 43. Be5 bxc4 44. bxc4 Ne7 45. Bxg7 f4 46.
gxf4 Nf5+ 47. Kc5 Nxg7 48. Kb6 Nf5 49. Kxa6 Kc7 50. b5 Kb8 51. c5 Nd4 52. Kb6
Kc8 53. c6 Kb8 54. Kc5 Ne6+ 55. Kd6 Nxf4 56. b6 Ng6 57. b7 Nf8 58. Ke7 Ng6+ 59.
Kd8 1-0

[Event "Moscow-Open 2021_A"]
[Site "Moscow"]
[Date "2021.02.26"]
[Round "7.56"]
[White "Korelskiy, Egor"]
[Black "Gornostaev, Yakov"]
[Result "1-0"]
[WhiteElo "1371"]
[BlackElo "1888"]
[PlyCount "95"]
[EventDate "2021.02.20"]

1. g3 Nf6 2. Bg2 g6 3. e4 d6 4. d4 Bg7 5. Nc3 O-O 6. h3 e5 7. Be3 exd4 8. Bxd4
Nc6 9. Be3 Bd7 10. Nge2 Re8 11. f4 b5 12. a3 Rb8 13. O-O a5 14. Qd3 b4 15. axb4
axb4 16. Nd1 Qe7 17. Nf2 Nd8 18. Rfe1 Bb5 19. Qd2 c5 20. Rad1 Nb7 21. e5 dxe5
22. fxe5 Nh5 23. g4 Bxe2 24. Qxe2 Ng3 25. Qf3 Qxe5 26. Nd3 Qxe3+ 27. Rxe3 Rxe3
28. Qxe3 Bd4 29. Qxd4 cxd4 30. Kf2 b3 31. cxb3 Nd6 32. Kxg3 Rxb3 33. Kf2 Rb5
34. b4 h5 35. gxh5 Rxh5 36. Nf4 Rf5 37. Kg3 Nb5 38. Bc6 g5 39. Nd5 Rxd5 40.
Bxd5 Nc3 41. Rd3 Nxd5 42. Rxd4 Nb6 43. b5 Kf8 44. Rd6 Nc4 45. Rc6 Na5 46. Ra6
Nb7 47. b6 Ke8 48. Ra7 1-0

[Event "Moscow-Open 2021_A"]
[Site "Moscow"]
[Date "2021.02.26"]
[Round "7.57"]
[White "Akhmedov, David"]
[Black "Lunin, Aleksey"]
[Result "1-0"]
[WhiteElo "1866"]
[BlackElo "1513"]
[PlyCount "67"]
[EventDate "2021.02.20"]

1. e4 e6 2. d3 d6 3. Nf3 g6 4. Be2 Bg7 5. O-O Ne7 6. d4 Nd7 7. c3 O-O 8. Bd3 b6
9. Nbd2 Bb7 10. Bc2 h6 11. Re1 a6 12. Nf1 e5 13. Ng3 d5 14. dxe5 dxe4 15. Nxe4
Kh7 16. Bf4 Nc6 17. Ng3 Nc5 18. Nd4 Nxd4 19. cxd4 Qd5 20. f3 Rad8 21. Be3 Qe6
22. Qe2 Nd7 23. Nh5 c5 24. Nf4 Qe7 25. e6 cxd4 26. Bf2 Ne5 27. exf7 Qxf7 28.
Qxe5 Bxe5 29. Bxg6+ Qxg6 30. Nxg6 Bxh2+ 31. Kxh2 Kxg6 32. Re6+ Rf6 33. Rxf6+
Kxf6 34. Bh4+ 1-0